Loading...
| Current Events | 1 | 20.00 | 100% | 100% | 0% |
| Fine Arts - Classical Music | 3 | 6.67 | 67% | 0% | 0% |
| Fine Arts - Other | 4 | 10.00 | 75% | 25% | 0% |
| Fine Arts - Painting and Sculpture | 5 | 10.00 | 80% | 20% | 0% |
| Geography | 4 | 10.00 | 75% | 25% | 0% |
| History - American | 3 | 23.33 | 100% | 67% | 67% |
| History - European | 7 | 17.14 | 100% | 71% | 0% |
| History - Other | 5 | 18.00 | 100% | 80% | 0% |
| History - World | 3 | 10.00 | 67% | 33% | 0% |
| Literature - American | 7 | 17.14 | 100% | 43% | 29% |
| Literature - British | 3 | 6.67 | 67% | 0% | 0% |
| Literature - European | 6 | 11.67 | 83% | 33% | 0% |
| Literature - World | 6 | 15.00 | 100% | 50% | 0% |
| Mythology | 4 | 15.00 | 100% | 25% | 25% |
| Other Academic | 1 | 10.00 | 0% | 0% | 100% |
| Philosophy | 4 | 17.50 | 100% | 50% | 25% |
| Pop Culture | 1 | 10.00 | 100% | 0% | 0% |
| Religion | 2 | 10.00 | 100% | 0% | 0% |
| Science - Biology | 4 | 10.00 | 100% | 0% | 0% |
| Science - Chemistry | 2 | 10.00 | 100% | 0% | 0% |
| Science - Other | 5 | 18.00 | 100% | 60% | 20% |
| Science - Physics | 5 | 16.00 | 100% | 60% | 0% |
| Social Science | 7 | 22.86 | 100% | 57% | 71% |